Statistics for Simpsons characters a-z

Click here to take the quiz!

General Stats

  • This quiz has been taken 22 times
    (11 since last reset)
  • The average score is 19 of 120

Answer Stats

LetterCharacter% Correct
BBart
80%
AApu
70%
AAbe
60%
HHomer
60%
MMaggie
60%
MMarge
60%
BBarney
50%
CCarl
50%
CChalmers
50%
LLisa
50%
MMilhouse
50%
RRalph
50%
SSkinner
50%
BBurns
40%
EEdna
40%
HHans mole man
40%
LLenny
40%
NNelson
40%
PPatty
40%
SSelma
40%
CComic book guy
30%
GGroundskeeper willie
30%
JJimbo
30%
KKirk
30%
KKrusty
30%
LLuann
30%
QQuimby
30%
RRadioactive man
30%
SSanta's little helper
30%
SSnowball
30%
WWaylon smithers
30%
WWiggum
30%
AAgnes
20%
AArnie pye
20%
BBernice hibbert
20%
DDisco stu
20%
DDoris
20%
DDuffman
20%
Hhibbert
20%
IItchy
20%
JJessica lovejoy
20%
MManjula
20%
MMartin
20%
OOtto
20%
SSarah
20%
SSideshow bob
20%
SSideshow mel
20%
AAllison
10%
AArtie ziff
10%
BBlinky
10%
BBrandine
10%
CCharlie
10%
FFat Tony
10%
FFrank grimes
10%
FFrink
10%
GGladys
10%
HHerbert
10%
JJacqueline
10%
KKang
10%
KKent brockman
10%
KKodos
10%
MMona simpson
10%
SSanjay
10%
SScratchy
10%
SSherri
10%
SSnake
10%
SSqueaky voiced teen
10%
SStampy
10%
TTerri
10%
UUter
10%
AAkira
0%
BBill
0%
BBilly
0%
BBleeding gums murphy
0%
BBumblebee man
0%
CCaptain lance murdock
0%
CCecil
0%
CCharles
0%
CCrazy cat lady
0%
DDrederick tatum
0%
DDr Marvin monroe
0%
EEddie
0%
EEliza
0%
FFrancesca
0%
GGerald
0%
GGino
0%
GGod
0%
HHelen
0%
JJake
0%
JJaney Powell
0%
JJasper beardly
0%
LLewis
0%
LLing
0%
LLoki
0%
LLou
0%
LLuigi
0%
LLurleen
0%
MMary
0%
MMary Bailey
0%
MMc bain
0%
MMrs Albright
0%
MMrs hoover
0%
MMrs muntz
0%
MMr teeny
0%
Nnick riviera
0%
OOld Jewish man
0%
PPatches
0%
PPaul
0%
PPoor violet
0%
RReverend
0%
RRichard
0%
RRich texen
0%
TTimothy
0%
TTroy mcClure
0%
VValarie
0%
WWendell
0%
WWoody Allen
0%
XXander
0%
YYes guy
0%
ZZutroy
0%

Score Distribution

Percentile by Number Answered

Percent of People with Each Score

Your Score History

You have not taken this quiz since the last reset